[Event "London MSO Masters"]
[Site "London"]
[Date "1999.08.24"]
[Round "4"]
[White "Mikhalevski, Victor"]
[Black "Rahman, Ziaur"]
[Result "1/2-1/2"]
[WhiteElo "2516"]
[BlackElo "2461"]
[Annotator "Mikhalevski,V"]
[PlyCount "79"]
[EventDate "1999.08.21"]
[EventType "swiss"]
[EventRounds "9"]
[EventCountry "ENG"]
[SourceTitle "EXT 2000"]
[Source "ChessBase"]
[SourceDate "1999.11.16"]
[SourceVersion "1"]
[SourceVersionDate "1999.11.16"]
[SourceQuality "1"]

1. d4 d5 2. c4 e6 3. Nf3 c6 4. g3 dxc4 5. Bg2 b5 6. O-O Nf6 7. a4 Bb7 8. Ne5 a6
9. Nc3 Qb6 {Very rare continuation.} (9... Nbd7 {is the main line}) 10. e4 (10.
b3 {is another way of playing.} Nd5 11. Ne4 cxb3 (11... f6 12. bxc4 fxe5 13.
cxd5 cxd5 14. Ng5 Be7 15. dxe5 Bxg5 16. Bxg5 O-O 17. Be3 Qc7 18. Qb3 Qxe5 19.
Rac1 Nc6 20. axb5 Na5 21. Qb4 axb5 22. Qxb5 Ba6 $2 23. Qxa5 Bxe2 24. Qd2 Bxf1
25. Kxf1 $16 {1-0 Romanishin,O-Podkriznik,G/Bled 1998/EXT 99 (32)}) 12. Qxb3
Be7 13. Ba3 b4 14. Bb2 a5 15. Nc5 Bxc5 16. dxc5 Qd8 17. Rfd1 Qe7 18. e4 Nf6 19.
Rd6 O-O 20. Rad1 $44 {0-1 Freitag,M-Waller,H/AUT 1994/EXT 99 (56)}) 10... Nbd7
$146 ({Other options are:} 10... Nfd7 11. Nxd7 Nxd7 12. d5 $13 {
Gleizerov-Hector,Ecselsior cup,1997 CBM57[Tisdall]}) (10... Be7 11. d5 (11. Be3
O-O 12. b3 cxb3 13. Qxb3 c5 14. Nc4 Qc7 15. axb5 cxd4 16. Bxd4 Nbd7 17. b6 Nc5
18. bxc7 Nxb3 19. Rab1 Nxd4 20. Rxb7 Nd7 21. Rd1 Bf6 22. e5 Nxe5 23. Rxd4 Nf3+
24. Bxf3 Bxd4 25. Na4 {1-0 Voloshin,L-Kornilovich,V/Minsk 1993/EXT 97 (25)})
11... cxd5 12. exd5 O-O 13. d6 Bxd6 14. Bxb7 Ra7 15. Bg2 Bxe5 16. Be3 Qc7 17.
axb5 Rb7 18. bxa6 Nxa6 19. Rxa6 Rxb2 20. Na4 $18 {1-0 Krasenkow,M-Sherbakov,R/
Katowice 1992/TD (27)}) (10... Bb4 11. Bg5 (11. Be3 Qc7 12. Ng4 Nbd7 13. Bf4
Qc8 14. Re1 O-O 15. h4 Nxg4 16. Qxg4 Nf6 17. Qe2 Rd8 18. Rad1 c5 19. Be5 Nd7
20. Bd6 Qc6 21. Be7 cxd4 22. Bxb4 dxc3 23. Bxc3 e5 24. Bh3 Nc5 25. axb5 axb5
$17 {1/2-1/2 Dwyer,D-Schneider,S/Zagan 1997/CBM 59 ext (55)}) 11... Nbd7 12.
Na2 Be7 13. Nxd7 Nxd7 14. Bxe7 Kxe7 15. Nc3 Rhd8 16. a5 Qa7 17. Qh5 Qxd4 18.
Rad1 Qf6 19. f4 Qg6 20. Qe2 e5 21. Qe3 Qh6 22. Rd2 Ke8 23. Rfd1 c5 24. Rd6 Nf6
25. Qxc5 exf4 26. Qe5+ {1-0 Schoen,W-Wendel,S/BL8990 1990/GER-chT (26)}) 11.
Be3 ({By means of} 11. Nxd7 Nxd7 12. d5 {I could transpose to 10...Nfd7.})
11... Rd8 12. Qe2 ({Dubious is} 12. d5 $6 {as it only helps Black to complete
development.} Bc5 13. Bxc5 Qxc5 14. Nxd7 (14. dxc6 Nxe5 15. cxb7 Rxd1 16. b8=Q+
Rd8 17. Qb7 b4 $19) (14. Nxc6 Bxc6 15. dxc6 Ne5 $17 (15... Qxc6 16. e5)) 14...
Rxd7 15. axb5 cxb5 $17) 12... Qc7 (12... c5 {is also possible and leads to
unclear consequences.} 13. axb5 axb5 (13... cxd4 $2 {is refuted by} 14. Nxc4
Qa7 15. bxa6 $18) 14. Nxd7 Rxd7 15. d5 $13) 13. Bf4 (13. f4 $5) 13... Nxe5 ({
Dangerous is} 13... Bd6 $6 {in view of} 14. Nxf7 $1 Kxf7 (14... Bxf4 $2 15.
Nxh8 Bh6 16. e5 $18) 15. e5 Bxe5 16. dxe5 {[%csl Rd6,Re6,Rf7] and White is
better thanks to the complex of weaknesses in Black's position.}) 14. Bxe5 (14.
dxe5 $2 Nd7 15. axb5 axb5 16. Nd5 $140 $2 cxd5 17. exd5 Bc5) (14. axb5 $2 Rxd4
15. bxa6 Ba8 $19) 14... Qc8 15. d5 ({Interesting alternative was} 15. Bxf6 $5
gxf6 16. d5 $1 {[%csl Re6,Re8,Rf6,Rf7] with initiative in all lines} (16. Qf3
Be7 17. e5 f5 18. axb5 axb5 19. Nxb5 cxb5 20. Qxb7 Qxb7 21. Bxb7 b4 22. Rfc1
Rxd4 23. Ra8+ Bd8 24. Ba6 O-O $11) 16... Be7 (16... cxd5 $5 17. exd5 b4 18. Qh5
$1 (18. Ne4 $2 f5 19. Nf6+ Ke7 20. Qe5 Bg7 21. Rad1 Rd6 $1 22. dxe6 Rxd1 23.
Rxd1 fxe6 $1 24. Bxb7 (24. Nd5+ Kf7 $19) 24... Qxb7 25. Re1 Qc6 26. Nd5+ Kf7
27. Nxb4 Bxe5 28. Nxc6 Bxb2 $19) 18... bxc3 (18... e5 19. Ne4 $36) 19. dxe6 Qc7
20. exf7+ Kd7 $1 (20... Qxf7 $2 21. Rae1+ Be7 22. Rxe7+ $1 Kxe7 23. Qc5+ $1 Rd6
24. Re1+ Kd7 (24... Qe6 25. Rxe6+ Kxe6 26. Bh3+) 25. Bh3+ $18) 21. Qg4+ Ke7 22.
Bxb7 Qxb7 (22... cxb2 23. Rae1+ Kxf7 24. Bxa6 $1 $16) 23. Rfe1+ (23. Qg8 $2
cxb2 24. Rae1+ Kd6 $1 25. Qxh8 Qxf7 26. Rd1+ Kc7 27. Rxd8 Kxd8 $19) 23... Kxf7
24. Qe6+ $11) 17. Qh5 $5 O-O (17... b4 18. Bh3 $1 O-O (18... bxc3 $4 19. dxe6
$18) 19. dxe6 fxe6 20. Ne2 $36) 18. Bh3 b4 (18... cxd5 $6 19. Nxd5 Bxd5 20.
exd5 Rxd5 21. Qxd5 exd5 22. Bxc8 Rxc8 23. axb5 axb5 24. Rfd1 Rd8 (24... Rc5 25.
Ra7 {/\Rd7}) 25. Ra5 $14) 19. dxe6 fxe6 20. Ne2 $36) 15... Nd7 $6 ({Better was
} 15... b4 $1 {where Black can chose between unclear position after 17...N:e4
or equality in case of 17...Nd7} 16. dxc6 Qxc6 (16... Bxc6 $6 17. Bxf6 gxf6 18.
Nd5 Be7 (18... Bxd5 19. exd5 $36) 19. Nxe7 Kxe7 20. Qxc4 $16) 17. Nd5 (17. Bxf6
gxf6 18. Nd5 Be7) 17... Nxe4 $1 ({or} 17... Nd7 18. Nc7+ Ke7 19. Nd5+ Ke8 $11
20. Bc7 $140 $2 Rc8) (17... Nxd5 18. exd5 Rxd5 19. Rad1 Qd7 20. Bxd5 Bxd5 $13)
18. Bxe4 exd5 (18... Rxd5 19. Rad1 $13) 19. Bxg7 dxe4 20. Bxh8 $13) 16. Bf4 e5
17. Bg5 $1 {White is starting find weaknesses in the Black's position.} f6 (
17... Be7 18. Bxe7 Kxe7 19. f4 $40) 18. Qh5+ $1 {[%mdl 128] It's interesting
that Black will not have time to take bishop on g5 for 7(!) more moves.} g6 19.
Qh3 $1 {[%csl Re6,Re8]} Be7 $1 {Black finds the best defence.} (19... fxg5 $4 {
is impossible in view of} 20. Qe6+ Be7 21. d6 $18) (19... Bg7 20. Qe6+ Kf8 21.
Be3 {[%csl Rf8] is also very unpleasant.} (21. f4 $5)) ({If Black tries to
escape by means of} 19... Kf7 {White comes with strong piece sacrifice} 20. f4
$3 {[%mdl 640]} ({Worse is} 20. Bh6 $6 Nc5 $1 (20... Bxh6 21. Qxh6 (21. Qe6+
Kf8 (21... Kg7 22. Qe7+ Kg8 23. Bh3 f5 24. Qe6+ $11) 22. Qd6+ $11) 21... cxd5
22. exd5 Qc5 23. axb5 axb5 24. Ne4 $40) 21. Qh4 Bxh6 22. Qxh6 b4 (22... Qg4 $2
23. f4 $1) (22... Rd6 23. f4 $40) 23. f4 $1 $13) 20... fxg5 21. fxg5+ $1 (21.
fxe5+ $2 Kg7) 21... Kg7 (21... Nf6 $8 $14) 22. Qh6+ $1 (22. Qe6 $2 Bc5+ 23. Kh1
Rhf8 $19) 22... Kg8 23. Bh3 $3 {with the help of this fantastic resource
White's attack reaches its goal.} Bc5+ ({Queen is untouchable:} 23... Bxh6 24.
Be6+ Kg7 25. Rf7+ Kg8 26. gxh6 $1 {[%csl Rg8] Fantastic position.Black is a
queen(!) up,but can't defend against direct attack while White has all time in
the world to bring all left pieces into attack.} Nf6 27. Rf1 $3 $18 {[%cal
Gf1f6] Black can't suffer anymore and has to resign.}) (23... Re8 24. Rxf8+ $1
Rxf8 25. Be6+ Rf7 26. Rf1 $18 {[%csl Rf7,Rg8]}) 24. Kh1 Re8 25. Rf6 $3 {
[%cal Ga1f1,Gf6g6][%mdl 128] /\Raf1} cxd5 (25... Bf8 26. Rxf8+ $1 Rxf8 27. Be6+
Rf7 28. Rf1 $18) 26. Raf1 $1 {[%cal Rf6g6] /\R:g6} Nxf6 27. Bxc8 Rxc8 (27...
Bf8 28. Qh4 Rxc8 29. gxf6 Rc7 30. Nxd5 $18) 28. gxf6 Rc7 29. Nxd5 $18 {winning.
}) 20. axb5 $6 {An attempt to play for beauty is not justified.} ({After simple
} 20. Be3 $1 {Black is in danger.For example} Nc5 (20... O-O $2 21. d6 $1) (
20... h5 21. Rad1 $5 (21. dxc6 Bxc6 22. axb5 axb5 23. Nd5 Nf8 24. Ra7 Bxd5 25.
Qxc8 Rxc8 26. exd5 $13)) (20... cxd5 $2 21. exd5 $1 {[%cal Gd5d6] /\d6}) 21.
Qh6 $1 {[%cal Gh6g7]} Bf8 $140 (21... cxd5 22. Nxd5 Bxd5 23. exd5 {[%cal Gg2h3,
Gh6g7] /\Bh3,Qg7}) 22. Qh4 $1 {[%csl Rf6]}) (20. Bh6 Nc5 21. Qh4 $13) (20. dxc6
$6 Bxc6 21. axb5 axb5 22. Nd5 $140 $2 fxg5 (22... Bxd5 23. exd5 fxg5 24. d6
Bxd6 25. Qe6+ (25. Rfd1 Nb6) 25... Be7 26. Bc6 $13) 23. Qe6 Bxd5 24. exd5 Qc7
$19) 20... cxb5 $1 (20... cxd5 $2 21. bxa6 Ba8 22. Bh6 $1 {/\Bg7} (22. Nxd5 $6
fxg5 (22... Bxd5 $2 23. exd5 fxg5 24. d6 Bxd6 25. Qe6+ Be7 26. a7) 23. Nxe7 (
23. Qe6 Qc5 $1) 23... Kxe7 24. Qh6 $13 Kf6 $140 25. f4) 22... d4 23. Nd5 $36 (
23. Bg7 dxc3 $13)) (20... axb5 21. Be3 $36) 21. d6 ({Wild} 21. Rxa6 $2 {
was my intention when I played 20.ab?!Cerainly it can't work neither after}
fxg5 $1 ({nor in case of} 21... Bxa6 22. d6 Bxd6 23. Qe6+ Be7 24. Nd5 Qc5 $1
25. Bxf6 Nxf6 26. Nxf6+ Kf8 27. Qxa6 Qd6 $17) 22. Rxg6 (22. d6 Bf6) 22... Nf6
23. Qh6 hxg6 24. Qxh8+ Kf7 $19) ({Still} 21. Be3 $5 {was interesting} Nc5 22.
Qh6 {[%cal Gh6g7]} Bf8 23. Qh4 $36 {[%csl Rf6]}) 21... Bxd6 22. Nd5 $1 {
[%cal Gh3e6]} ({Here as well as a move before} 22. Rxa6 $2 {doesn't work} Bxa6
(22... Be7 $5) 23. Qe6+ Be7 24. Nd5 Qc5 $1 {-21.R:a6?B:a6}) (22. Qe6+ Be7 23.
Nd5 Bxd5 24. exd5 Nc5 $17) 22... Bxd5 23. exd5 O-O $1 ({But not} 23... fxg5 $2
24. Qe6+ {[%csl Rd6,Re8]} Be7 $140 $4 25. d6 {[%csl Re8]}) 24. Qe6+ Rf7 $1 ({
Worse is} 24... Kh8 25. Qxd6 fxg5 26. Bh3 Nf6 $140 $2 (26... Qc5 27. Rxa6 (27.
Qxa6 Nb6 $17) (27. Qc6 Rf6) 27... Qxd6 28. Rxd6 Nc5 29. Rb6 Rxd5 30. Rxb5 $15)
27. Qxf8+ $1) 25. Qxd6 fxg5 {[%cal Gf7f6] First inaccuracy after good defence.}
({But even after best} 25... Nc5 {White obtain counterchances:} 26. Qb6 (26.
Qxf6 $6 Rxf6 27. Bxf6 Re8) (26. Qc6 fxg5 (26... Qxc6 27. dxc6 fxg5 28. Rfd1)
27. b4 (27. Rfe1 $5) 27... cxb3 (27... Na4 $2 28. Qxc8 Rxc8 29. Bh3) 28. Rac1
Qxc6 (28... Rc7 $5) 29. dxc6 Ne6 $19 {[%cal Ge6c7]}) 26... fxg5 27. d6 (27. b4
Na4 $1) (27. Bh3 Qc7 $1) 27... Kg7 $1 (27... Rf6 $2 28. Bh3 $1 (28. Rfd1 Na4
29. Qc7 $140 Rfxd6 $1) 28... Nd7 $140 29. Qc7 $1 Rf7 30. Be6) (27... Na4 28.
Rxa4 bxa4 29. Bd5 Kg7 30. Bxf7 Kxf7 31. Rd1 $13) 28. Bh3 Rb7 29. Qa5 Qb8 30. d7
$1 $44 {[%csl Gd7,Re5,Rg5,Rg7] and despite two extra pawns the position is
quite unclear.}) 26. Qxa6 (26. Bh3 $6 Nc5 $1 27. Qb6 Qc7) (26. Rxa6 $2 Nb8 $1
$19 (26... Nc5 $2 27. Rc6 $1)) 26... Qxa6 27. Rxa6 Nc5 28. Ra5 $1 $138 {
[%csl Rb5,Rc5] It's better than Rb6 as White has in mind unexpected idea.} Rb7
{Black has missed idea of my previous move.} ({Otherwise he would probably
choose} 28... Rb8 $5 29. d6 {[%cal Gg2d5]} e4 (29... Nb3 30. Ra6) 30. Rd1 {
[%cal Gd1d5] /\Rd5} Nd3 31. Bxe4 Nxb2 32. Rb1 {[%csl Rb5]} c3 $1 33. Bd5 $13 {
[%cal Gd5g8]}) 29. d6 $1 Rb6 ({or} 29... e4 30. Rd1) 30. Bd5+ Kg7 31. Bxc4 $1 {
The point of 28.Ra5} Rdxd6 (31... bxc4 32. Rxc5 Rdxd6 33. Rxc4 Rxb2 34. Rc7+
$11) 32. Rxb5 (32. Bxb5 $2 {is refuted by} Nb7 $1 (32... Nb3 33. Ra7+)) 32...
Rxb5 33. Bxb5 Rb6 34. b4 $1 {White's bishop wants to die with music.If Black
wants to keep light pieces in the play he has to put the knight on unfortunate
square.} Nb7 (34... Nb3 35. Rb1 Nd2 36. Rb2 Nf3+ $140 $6 (36... Rxb5 37. Rxd2
Rxb4 38. Rd7+ $11) 37. Kg2 Ne1+ 38. Kf1) (34... Ne6 $6 35. Bc4) (34... Ne4 35.
Bd3) 35. Be2 Rxb4 $15 36. Rd1 {[%cal Gd1d7] Making the rook active White gets
good drawish chances.} Rd4 (36... Kf6 $5) (36... h5 37. Bf3 $1 e4 $140 38. Bxe4
$1) 37. Rc1 {Exchange of rooks is not in my plans.} Nd6 38. Rc7+ Kh6 39. Re7 {
[%csl Re5]} Re4 (39... e4 $5 {was the last mini-chance to continue.}) 40. Kf1
$1 $11 {[%csl Re5][%cal Ge2f3] Now draw in inevetable.} (40. Kf1 $1 Nf5 41. Re8
$5 (41. Bd3 $11) 41... Kg7 ({It's not late to lose:} 41... Nd4 $4 42. Bd3 $18 {
[%csl Re4]}) 42. Bf3 Kf7 $140 43. Rh8) 1/2-1/2

[Event "Olympiad-39"]
[Site "Khanty-Mansiysk"]
[Date "2010.09.24"]
[Round "4.4"]
[White "Mikhalevski, Victor"]
[Black "Svetushkin, Dmitry"]
[Result "1-0"]
[WhiteElo "2610"]
[BlackElo "2552"]
[Annotator "Mikhalevski,V"]
[PlyCount "113"]
[EventDate "2010.09.21"]
[EventType "team-swiss"]
[EventRounds "11"]
[EventCountry "RUS"]
[SourceTitle "CBM 139"]
[Source "ChessBase"]
[SourceDate "2010.11.18"]
[SourceVersion "1"]
[SourceVersionDate "2010.11.18"]
[SourceQuality "1"]
[WhiteTeam "Israel"]
[BlackTeam "Moldova"]
[WhiteTeamCountry "ISR"]
[BlackTeamCountry "MDA"]

1. d4 Nf6 2. c4 e6 3. g3 d5 4. Nf3 dxc4 5. Bg2 b5 {This line came as a
surprise for me as I hadn't seen a single game of Svetushkin in this line.} 6.
Ne5 Nd5 7. a4 c6 8. O-O Bb7 9. b3 {This typical idea in Catalan is a
relatively rare line in this position.} (9. e4 {is more popular and that's
what my opponent expected from me as I had played this line earlier a number
of times.} Nf6 10. Nc3 a6 (10... b4 11. Ne2 c5 12. d5 exd5 13. exd5 Bxd5 $140
14. Nxf7 $3 Bxf7 (14... Kxf7 15. Nf4 $18) 15. Bxa8 $14) 11. d5 {Now it
transposes to the 5...a6, 6...b5 line.} cxd5 12. exd5 exd5 13. axb5 axb5 14.
Rxa8 Bxa8 15. Nxb5 Bc5 16. Qa4 O-O 17. Qxa8 Qe8 $1 $13 {1/2-1/2 Mikhalevski,V 
(2632)-Naiditsch,A (2637)/Heviz 2008/CBM 123/[Mikhalevski,V] (40)}) 9... cxb3
10. Qxb3 {Now White obtains some positional compensation for the pawn as he's
in possession of the centre and also thanks to the steady pressure on the
queenside.} b4 ({Black also tested} 10... a6 {, but never on GM level.}) 11. a5
{I was really surprised when I realised that this move had appeared in
practice only one month before the current game, and even more surprising was
the fact, that it had been tested again just two days before my game. The idea
is to prevent Black's a5 and thus to disconnect the a- and b-pawns.} Be7 12.
Bb2 {This logical move turned out to be a novelty. It seems to me that b2 is
the best square for the bishop as after c5, which is Black's main plan the
bishop will be freed.} (12. Bd2 Ba6 (12... Na6 $5 {[%cal Gc6c5] with the idea
of c5 is also an option.}) 13. Re1 O-O 14. e4 Nf6 15. Bxb4 Qxd4 16. Bxe7 (16.
Bc3 {[%cal Gb1d2] also promised compensation for the pawn.}) 16... Qxa1 17.
Bxf8 Qxe5 $13 {0-1 Rodriguez,E (2307)-Rensch,D (2404)/ICC INT 2010.}) ({
Another recent game saw} 12. Rd1 O-O 13. Bb2 Na6 14. e4 Nf6 15. Nd2 Qc7 16.
Ndc4 Rad8 17. Ne3 {with a complicated double-edged position in 1-0 Buhmann,R 
(2563)-Bologan,V (2690)/Khanty-Mansiysk RUS 2010(64).}) 12... Ba6 {[%csl Re2]
[%cal Ga6b5] Black improves the position of his bishop.} ({Once again} 12...
Na6 {[%cal Gc6c5] makes sense.}) 13. Bf3 $5 {[%cal Gf1c1] I wanted to use the
rook for an attack along the c-file.} O-O 14. Rc1 {White is not only
preventing c5, but also attacking the c6-pawn to stop the development of the
b8-knight.} Bb5 15. Nd2 {Now Black's main task is to develop his knight from
b8.} Qc8 {[%csl Rc8] Putting the queen on the same file as White's rook looks
wrong, but it's not easy to find a good alternative.} ({After} 15... Qc7 {
White can play in a similar way to what he did in the game.} 16. e4 Nf6 17. d5
$36) 16. e4 Nf6 17. d5 $1 {[%cal Gc1c8] Immediately exploiting a pin along the
c-file.} Qd8 $2 {Black underestimates the piece sacrifice.} (17... Rd8 $1 {
was necessary. Now White can choose between} 18. Rc2 ({and} 18. Ndc4 Na6 $1 19.
Ne3 (19. d6 $6 Bxd6 20. Nxf7 Kxf7 21. e5 (21. Nxd6+ $2 Rxd6 22. e5 Rd3) 21...
Be7 22. exf6 Bxf6 23. Be4 {and though White still has compensation for two
pawns I'm not sure it's enough for advantage.}) 19... c5 20. N5c4 $1 exd5 21.
exd5 Ne8 22. Re1 $44 {[%csl Ra6,Gd5] with good compensation for a pawn.}) 18...
c5 19. Ndc4 $36) 18. dxe6 $1 Qxd2 19. Rd1 Qh6 20. Nxf7 $2 {Throws away the
lion's share of the advantage.} ({White could choose between the immediate} 20.
h4 $1 Nh5 21. exf7+ Kh8 22. Bc1 Qf6 23. Qb2 $1 {This is the move I missed.} Bd6
24. Rxd6 Qxd6 25. Bxh5 $16 {Now Black's position is difficult. For example,}
Nd7 (25... c5 26. Bf4 Qd4 27. Qxd4 cxd4 28. Rb1 Na6 29. Bg5 $18 {[%cal Gg5e7]})
26. Bf4 Qe7 27. Nxd7 Qxd7 28. Rd1 Qb7 29. Qxb4 Rxf7 30. Bxf7 Qxf7 31. Rd6 Re8
32. Qd4 $16) ({and} 20. exf7+ $1 Kh8 {with the following} 21. h4 $1 {, which
transposes to 20.h4.} (21. Qe6 $5 Bc5 22. Qf5 (22. Bc1 $2 Bxf2+ $1 23. Kg2 Be3)
)) 20... Qg6 21. Nd6 $1 {[%cal Gd6f5] I was attracted by this idea when I
played 17.d5. The knight comes to f5 with a big effect.} Na6 $1 {The only
reasonable defence.} 22. Nf5 $1 Rae8 ({I also considered other defences.} 22...
Rfe8 23. Rac1 $1 Kh8 ({or} 23... Kf8 24. Rd7 $1 $16) 24. Rd7 $1 Nc5 25. Qe3 $1
Ncxd7 26. exd7 Rf8 27. Nxe7 Qf7 28. e5 $1 Nxd7 29. Bxc6 $14 {with a very
strong position for an exchange.}) (22... Qe8 $5 {Probably the best.} 23. Be5
Nd5 $1 24. Qc2 Rxf5 25. exf5 Qf8 $13 {with a complicated position.}) 23. Rd7 $1
{[%csl Re7] Strengthening the pressure on e7.} Nc5 $2 {This is the move I also
considered to be the main line here.} ({However Black had a tricky defence.} 
23... Nd5 $1 24. Qc2 $3 {Aimed against Nc5.} b3 $1 25. Qd1 Qxe6 26. Rxa7 Rxf5
27. exf5 Qxf5 28. Qxb3 $13 {with mutual chances.}) 24. Qxb4 $1 $16 {Pinning
the c5-knight.} Ncxd7 ({I also considered} 24... Qxf5 25. exf5 Ncxd7 26. Qd4 $1
Nc5 27. Ba3 Rd8 28. Qe5 Nd3 29. Qc7 {Eventually White forces an exchange of
the dark-squared bishop and obtains a big advantage.} Bxa3 30. Rxa3 $16) 25.
Nxe7+ Rxe7 26. Qxe7 $16 {Despite only two pawns for a piece, White is clearly
better.} Nb8 27. Rd1 (27. Qxa7 $5 $16) ({IvanHoe 9.52b x64:} 27. Rd1 Re8 28.
Rd8 Rxd8 29. Qxd8+ Ne8 30. Qxb8 Qxe6 31. Qxa7 Qa2 32. Qd7 Qb1+ 33. Bd1 Qxe4 34.
Bb3+ Kh8 35. Bc3 Qe2 36. Qd1 Qxd1+ 37. Bxd1 Nd6 38. Bb3 Nc4 39. Kg2 Kg8 40. Kf3
Kf7 41. Ke4 Ke7 42. Kd4 Nd6 43. Bc2 g6 44. Kc5 Kd7 45. Bb1 Nc4 46. Be4 Kc7 {
[%eval 264,26]}) 27... Na6 {An attempt to activate the knight.} (27... Qe8 28.
Bxf6 gxf6 29. Qd6 $18 {is also hopeless.}) ({After} 27... Re8 28. Rd8 {[%cal
Gb2f6] the threat of Bxf6 forces Black to give back the piece.} Rxd8 29. Qxd8+
$18) 28. Bxf6 $5 (28. Rd7 $1 $18 {[%cal Gd7a7] with full domination was strong.
}) 28... Qxf6 (28... gxf6 $2 {loses to} 29. Rd8 Qg7 30. Qd6 $1 $18 {[%cal
Ge6e7]}) 29. Qxf6 gxf6 30. Bh5 {[%cal Ge6e7]} ({Probably even more precise
would be} 30. e7 $5 Re8 31. Rd8 c5 (31... Nc7 32. Rd7 $1 Kf7 (32... Ne6 33. Bh5
Ng7 34. Bxe8 Nxe8 35. Rxa7 $18) 33. Bh5+ Ke6 34. Bxe8 Nxe8 35. Rxa7 c5 36. f3
$1 $18 {[%cal Gg1e3]}) 32. Bh5 $1 (32. Be2 {is less clear.} Bxe2 33. Rxe8+ Kf7
34. Ra8 Kxe7 35. Rxa7+ Kd6 {with some counter chances thanks to the c-pawn.})
32... Nc7 33. a6 $3 {[%csl Ra7] This is the move I missed in the time-trouble.}
Kg7 (33... c4 34. Kf1 c3+ 35. Ke1 Kg7 36. Bxe8 Nxe8 37. Ra8 $18) 34. Bxe8 Nxe8
35. Ra8 Bc6 (35... c4 36. Kf1 $18) 36. Rxa7 Bxe4 37. Kf1 $18 {[%cal Gf1e3,
Ga7b7,Gb7b8]}) 30... c5 31. e7 Rf7 $1 {The best defence.} (31... Rb8 {was a
playable alternative.} 32. Rd8+ Kg7 33. Be2 $1 Kf7 (33... Be8 34. Bc4 $1 (34.
Bxa6 $5 Rb1+ 35. Kg2 Kf7 36. Ra8 Kxe7 37. Rxa7+ Kd6 38. Kf3 $16) 34... Rb1+ 35.
Kg2 Nc7 36. Rc8 Rc1 37. Bf1 Rxf1 38. Kxf1 Bb5+ 39. Ke1 Ne8 40. Rxc5 $16)) 32.
Be2 $1 {[%csl Ra6,Ge7] A simple, but beautiful shot.} (32. Rd8+ {allows some
counterplay after} Kg7 33. e8=Q Bxe8 34. Bxf7 Kxf7 35. Ra8 Nb4 36. Rxa7+ Ke6
37. Rxh7 Bc6 $13) 32... Be8 $1 33. Bxa6 Rxe7 34. f3 Rc7 35. Rd8 $1 Kf7 36. Kf2
$1 (36. Rc8 $5 Rxc8 37. Bxc8) 36... Ke7 (36... Bd7 $5 37. Rb8 $16 {[%cal Gb8b7]
}) ({After} 36... c4 $6 {the c-pawn is easily stopped.} 37. Rd4 c3 38. Rc4 $1
Rc6 39. Bb5 $1 $18) 37. Rc8 {Simplifying into a winning bishop endgame.} Rxc8
38. Bxc8 $16 {White has to be able to win this position, though some accuracy
is still required.} Kd6 39. Ba6 Bd7 (39... Bf7 $5 {stopping 40.Bc4 looks more
logical.}) 40. Bc4 Ke5 41. Ke3 {Now an advance of the kingside majority will
decide the game.} h6 42. g4 Be8 43. h4 Bg6 $6 {An inaccuracy, which only helps
White.} (43... Kd6 44. f4 Bd7 45. g5 fxg5 46. e5+ Ke7 47. fxg5 hxg5 48. h5 $18
{and White wins.}) 44. f4+ Kd6 45. e5+ $1 {Creating connected passed pawns.}
fxe5 46. f5 Be8 47. g5 $18 hxg5 48. hxg5 Bd7 $1 {A good practical chance.} 49.
f6 $1 {An accurate move.} (49. g6 $2 {would be a serious mistake.} Bxf5 50. g7
Bh7 51. g8=Q Bxg8 52. Bxg8 c4 $1 53. Bxc4 Kc5 54. Kd3 Kb4 55. a6 Kc5 $1 $11 {
[%cal Gc5d6,Gd6c7,Gc7b8] and Black brings the king to b8 with a fortress.})
49... Bf5 $1 50. Bf7 $1 Bg4 $1 {The very last defensive idea.} 51. g6 (51. Ke4
$5 {also wins.} Be6 (51... Bd1 52. g6 Bh5 53. Be8 Ke6 54. g7 Bf7 55. Bxf7+ Kxf7
56. Kxe5 $18) 52. g6 c4 53. Bxe6 $1 Kxe6 54. f7 Ke7 55. a6 $1 Kf8 56. Kxe5 $1
$18) 51... Bh5 {The point of Black's defensive manoeuvre.} 52. Be8 (52. Ke4 c4
53. Kf5 c3 54. Bb3 $18 {is also enough for a win.}) 52... Ke6 53. f7 $1 ({
But not} 53. g7 $2 Bf7 $1 $11) 53... Ke7 54. f8=Q+ $1 Kxf8 55. g7+ Kxg7 56.
Bxh5 c4 57. Kd2 $1 {White is easily winning. The plan is very simple: the king
picks up the c4-pawn and then the a7-pawn, while the bishop will stop the
e-pawn. It's very important that White's a -pawn is not on a6, which would
lead to a draw as Black will get to b8 in time.} 1-0